Statistiques concernant Buteurs colombiens en Coupe du Monde

Cliquez ici pour prendre le quiz!

Statistiques générales

  • Ce quiz a été pris 42 fois
  • Le résultat moyen est 5 sur 20

Statistiques - réponses

Nombre de butsClubNom du joueur% Correct
6AS MonacoJames Rodríguez
95%
1AS MonacoRadamel Falcao
93%
2Fiorentina, JuventusJuan Cuadrado
71%
3FC BarceloneYerry Mina
63%
1Montpellier HSCCarlos Valderrama
37%
2FC PortoJackson Martínez
34%
2FC Porto, Independiente MedellinJuan Fernando Quintero
22%
1River PlateTeófilo Gutiérrez
20%
1Independiente Santa FeFreddy Rincón
15%
2Bayern MunichAdolfo Valencia
10%
2CSKA SofiaBernardo Redín
7%
1Atlético NacionalHernán Gaviria
5%
1América CaliJohn Harold Lozano
5%
1West Ham UnitedPablo Armero
5%
1MillonariosAntonio Rada
2%
1MillonariosFrancisco Zuluaga
2%
1MillonariosGermán Aceros
2%
1Independiente Santa FeLéider Preciado
2%
1América de CaliMarco Coll
2%
1MillonariosMarino Klinger
2%

Distribution des résultats

Percentile par nombre de réponses

% des personnes avec chaque résultat

Votre développement - résultats

Vous n’avez pas pris ce quiz